000 01019nam a2200229Ia 4500
001 15605
003 GE_BSU
008 181216s||||||||xx |||||||||||||| ||und||
040 _cGE_BSU
080 _a82-93:821.161.1-32
100 _aგოვოროვი, ალექსანდრე
245 _aალკამენე.
245 _bმოთხრობა. სასკოლო ასაკის ბავშვებისათვის
245 _cილ.: გ. კალინოვსკი და ბ. დიოდოროვი. რედ. ლ.ქადაგიშვილი. მხატვ. გ.კალინოვსკი. ბ. დიოდოროვი
260 _aთბილისი
260 _bნაკადული
260 _c1968
300 _a202გვ. : ილ. ; 20სმ.
653 _aალკამენე.
653 _aმოთხრობა. სასკოლო ასაკის ბავშვებისათვის
942 _cBK
999 _c48705
_d48705